Score 0/16 Timer 04:00
0 Plays Today
Scrambled Movie Answer % Correct
RUTE TGIRTRUE GRIT
97.2%
GIHH ONNOHIGH NOON
96.1%
EHT DOGO EHT DBA DAN EHT LYUGTHE GOOD, THE BAD, AND THE UGLY
96.1%
EHT TMANEGCNIFI EVNESTHE MAGNIFICENT SEVEN
88.2%
SCANED THIW SLOVEWDANCES WITH WOLVES
86.3%
EHT BWYCOOSTHE COWBOYS
85.3%
CHUTB DISACSY DAN EHT SECUNNAD IKDBUTCH CASSIDY AND THE SUNDANCE KID
83.6%
HEANSSHANE
81.7%
Scrambled Movie Answer % Correct
ORI AVROBRIO BRAVO
80.8%
COMMON BOND:WESTERNS
74.4%
LEAP DRIREPALE RIDER
71.7%
LEMONOSE OVEDLONESOME DOVE
52.3%
GIHH SNAPIL TRIFREDHIGH PLAINS DRIFTER
51.5%
RIGONUFEVNUNFORGIVEN
33.2%
SHAOTCEGACSTAGECOACH
29.6%
BOOTMENTSTOMBSTONE
25.2%

You're not logged in!

Compare scores with friends on all Sporcle quizzes.
OR
Log In

Sporcle TV

Today on Sporcle TV


Watch our educational content, quiz creation guides, and fun videos on Sporcle TV.

Show Comments

Extras

Top Quizzes Today


Score Distribution

Your Account Isn't Verified!

In order to create a playlist on Sporcle, you need to verify the email address you used during registration. Go to your Sporcle Settings to finish the process.

Report this User

Report this user for behavior that violates our Community Guidelines.

Details: